000 00783nam a2200241 i 4500
001 bg
100 1 _aKisiel, Ryszard.
245 1 0 _aPodstawy technologii dla elektroników :
_bporadnik praktyczny /
_cRyszard Kisiel.
260 _aWarszawa :
_bWydawnictwo BTC,
_c2005.
300 _a204 s. :
_bil. ;
_c25 cm.
504 _aBibliogr.
650 9 _aElektronika
_xurządzenia
_xtechnologia
650 9 _aUkłady elektroniczne
_xtechnologia
655 _aPoradniki
020 _a8360233098
040 _cBPK
041 0 _apol
080 _a621.38(083.1)(075.8)
920 _a83-60233-09-8
942 _cKS
008 s pl f |000 0 pol
999 _c52057
_d52057
856 _uhttp://koha.tu.koszalin.pl/cgi-bin/koha/opac-detail.pl?biblionumber=52057
_yKatalog online BPK